| 000 | 00742nam a2200217 i 4500 | ||
|---|---|---|---|
| 001 | 85901 | ||
| 003 | ES-MaACL | ||
| 005 | 20240301063053.0 | ||
| 007 | t| | ||
| 008 | 041202s1955 ag ||||1| spa d | ||
| 100 | 0 |
_aKafka, Franz, _d1883-1924 _967400 |
|
| 245 | 1 | 3 |
_aLa muralla china _b: cuentos, relatos y otros escritos / _cFranz Kafka ; [traducciones por Alejandro Ruiz Guiñazu y Alfredo Pippig]. |
| 260 |
_aBuenos Aires : _bEmecé, _c[1955] ( _fLópez) |
||
| 300 |
_a284 p. ; _c19 cm. |
||
| 490 | 1 | _aGrandes novelistas | |
| 700 | 1 |
_aRuiz Guiñazu, Alejandro. _9100828 |
|
| 700 | 1 |
_aPippig, Alfredo. _992317 |
|
| 830 | 0 |
_aGrandes novelistas _9181770 |
|
| 852 |
_aES-MaACL _jC-10625 _bR.37881 |
||
| 999 |
_c85901 _d85901 |
||